000 01287cam a2200397 a 4500
001 3958
003 FISKH
005 20240528100304.0
008 000906s2001 nyua b 000 1 eng
010 _a 00046950
020 _a0375906916 (lib. bdg.)
020 _a0375806911 (trade)
040 _aDLC
_cDLC
_dDLC
_beng
042 _alcac
050 0 0 _aPZ7.K833
_bMop 2001
082 0 0 _a[E]
_221
100 1 _aKoller, Jackie French.
245 1 0 _aMole and Shrew have jobs to do /
_cby Jackie French Koller ; illustrated by Anne Reas.
260 _aNew York :
_bScholastic,
_c2001.
300 _a71 pages :
_billustrations ;
_c20 cm
500 _a"A Stepping Stone book."
505 _aM
520 _aBest friends Mole and Shrew need money to buy more of their favorite things, books and seeds, but none of the jobs they try seems quite right for them.
521 8 _a550
_bLexile
521 8 _aM
_bRaz-Plus
650 1 _aWork
_vFiction.
650 1 _aMoles (Animals)
_vFiction.
650 1 _aShrews
_vFiction.
650 1 _aBest friends
_vFiction.
650 1 _aFriendship
_vFiction.
650 1 _aAnimals
_vFiction.
700 1 _aReas, Anne,
_eillustrator
906 _a7
_bcbc
_corignew
_d1
_eocip
_f20
_gy-gencatlg
942 _2ddc
_cBK
_n0
999 _c3958
_d3958